000 01125nam a2200289 a 4500
001 C01462923c-5
003 CO-ViMGA
005 20230915234538.0
008 141229s2012 ilu gr 000 0 spa d
020 _a9781414367415
040 _aCO-ViMGA
_bspa
_cCO-ViMGA
041 1 _heng
082 0 4 _a616.994
_bE41e
100 1 _aEib, Lynn.
_99537
245 1 3 _aUn encuentro entre Dios y el cáncer :
_bhistorias verídicas de esperanza y sanidad /
_cLynn Eib ; traducción Raquel Monsalve.
250 _aEdición Lisa A. Jackson, Mafalda E. Novella.
260 _aCarol Stream :
_bTyndale House Publishers,
_c2012.
300 _a189 páginas ;
_c21 cm.
504 _aIncluye referencias bibliográficas (página 189)
534 _pTítulo original :
_tWhen God and cancer meet : true stories of hope and healing.
650 1 4 _aCáncer
_x Cuidados
_x Aspectos religiosos.
_99538
650 1 4 _aEnfermos de cáncer
_x Aspectos religiosos.
_99539
700 1 _aJackson, Lisa A,
_eeditora.
_99541
700 1 _aMonsalve, Raquel,
_etraductora.
_99540
700 1 _aNovella, Mafalda E,
_eeditora.
_99542
942 _2ddc
_cBK
999 _c37964
_d37964